US States by Their Neighbors - Statistics

General Stats
  • This quiz has been taken 85 times
  • The average score is 11 of 20
Answer Stats
Neighbors State % Correct
Arizona, California Nevada
100%
New Mexico, Missouri Oklahoma
82%
Virginia, Illinois Kentucky
69%
Washington, Wyoming Idaho
65%
Mississippi, Alabama Tennessee
65%
New York, Ohio Pennsylvania
64%
Nebraska, Wisconsin Iowa
63%
Missouri, Wyoming Nebraska
57%
North Carolina, South Carolina Georgia
56%
Illinois, Indiana Kentucky
56%
Delaware, New Jersey Pennsylvania
54%
Nevada, Montana Idaho
53%
South Dakota, Ontario Minnesota
44%
Saskatchewan, Manitoba North Dakota
42%
Michigan, West Virginia Ohio
38%
Tennessee, Maryland Virginia
38%
Quebec, Connecticut New York
36%
Coahuila, Tamaulipas Texas
36%
British Columbia, Utah Idaho
28%
New Hampshire, New Brunswick Maine
28%
No matching quizzes found
Score Distribution
Percent of People with Each Score
Percentile by Number Answered
Your Score History
You have not taken this quiz